Patterns of irony in the fables of la fontaine / (Record no. 1864)
[ view plain ]
| 000 -LEADER | |
|---|---|
| fixed length control field | 01129nac a22003251u 4500 |
| 003 - CONTROL NUMBER IDENTIFIER | |
| control field | EG-ScBUE |
| 005 - DATE AND TIME OF LATEST TRANSACTION | |
| control field | 20211115102851.0 |
| 008 - FIXED-LENGTH DATA ELEMENTS--GENERAL INFORMATION | |
| fixed length control field | 200219t1985 gr f b 001 0 eng d |
| 020 ## - INTERNATIONAL STANDARD BOOK NUMBER | |
| International Standard Book Number | 0821408240 |
| 040 ## - CATALOGING SOURCE | |
| Original cataloging agency | EG-ScBUE |
| Language of cataloging | eng |
| Description conventions | rda |
| Transcribing agency | EG-ScBUE |
| Modifying agency | EG-ScBUE |
| 082 04 - DEWEY DECIMAL CLASSIFICATION NUMBER | |
| Classification number | 841.1 |
| Item number | DAN |
| Edition number | 22 |
| 100 1# - MAIN ENTRY--PERSONAL NAME | |
| Personal name | Danner, Richard, |
| Dates associated with a name | 1941- |
| Relator term | author. |
| 245 10 - TITLE STATEMENT | |
| Title | Patterns of irony in the fables of la fontaine / |
| Statement of responsibility, etc | Richard Danner. |
| 264 #1 - PUBLICATION, DISTRIBUTION, ETC. (IMPRINT) | |
| Place of publication, distribution, etc | Athens : |
| Name of publisher, distributor, etc | Ohio University Press, |
| Date of publication, distribution, etc | [1985] |
| 264 #4 - PUBLICATION, DISTRIBUTION, ETC. (IMPRINT) | |
| Date of publication, distribution, etc | c1985 |
| 300 ## - PHYSICAL DESCRIPTION | |
| Extent | xii, 181 pages ; |
| Dimensions | 23 cm |
| 336 ## - CONTENT TYPE | |
| Source | rdacontent |
| Content type term | text |
| Content type code | txt |
| 337 ## - MEDIA TYPE | |
| Source | rdamedia |
| Media type term | unmediated |
| Media type code | n |
| 338 ## - CARRIER TYPE | |
| Source | rdacarrier |
| Carrier type term | volume |
| Carrier type code | nc |
| 504 ## - BIBLIOGRAPHY, ETC. NOTE | |
| Bibliography, etc | Includes bibliographical references and index. |
| 600 17 - SUBJECT ADDED ENTRY--PERSONAL NAME | |
| Personal name | La Fontaine, Jean de, |
| Dates associated with a name | 1621-1695. |
| Title of a work | Fables. |
| Source of heading or term | BUEsh |
| 600 17 - SUBJECT ADDED ENTRY--PERSONAL NAME | |
| Personal name | La Fontaine, Jean de, |
| Dates associated with a name | 1621-1695 |
| General subdivision | Technique. |
| Source of heading or term | BUEsh |
| 650 #7 - SUBJECT ADDED ENTRY--TOPICAL TERM | |
| Topical term or geographic name as entry element | Irony in literature. |
| Source of heading or term | BUEsh |
| 650 #7 - SUBJECT ADDED ENTRY--TOPICAL TERM | |
| Topical term or geographic name as entry element | Fables, French |
| General subdivision | History and criticism. |
| Source of heading or term | BUEsh |
| 651 ## - SUBJECT ADDED ENTRY--GEOGRAPHIC NAME | |
| Source of heading or term | BUEsh |
| 653 ## - INDEX TERM--UNCONTROLLED | |
| Resource For college | Humanities: English |
| Arrived date list | November2021 |
| 655 ## - INDEX TERM--GENRE/FORM | |
| Form subdivision | Reading book |
| 9 (RLIN) | 34232 |
| 942 ## - ADDED ENTRY ELEMENTS (KOHA) | |
| Koha item type | Book - Borrowing |
| Call number prefix | 841.1 DAN |
| Source of classification or shelving scheme | Dewey Decimal Classification |
| Withdrawn status | Lost status | Damaged status | Not for loan | Home library | Current library | Shelving location | Date acquired | Source of acquisition | Total Checkouts | Full call number | Barcode | Date last seen | Date checked out | Price effective from | Koha item type |
|---|---|---|---|---|---|---|---|---|---|---|---|---|---|---|---|
| Central Library | Central Library | Second Floor | 20/12/2006 | Purchase | 1 | 841.1 DAN | 000002453 | 15/07/2025 | 01/12/2021 | 20/12/2006 | Book - Borrowing |